| 000 | 00323nam a22001217a 4500 | ||
|---|---|---|---|
| 999 |
_c522808 _d522808 |
||
| 003 | NUST | ||
| 038 | _aTanveer | ||
| 082 |
_a954.912 _bCHA |
||
| 245 |
_aRoznamche Muasir Tehrerain Yadashtain : 1857 / _cMuhammad Akram Chughtai |
||
| 260 |
_aLahore : _bSang e meel Publisher _c2007. |
||
| 300 |
_a928p. _c25cm. |
||
| 942 |
_2ddc _cBK |
||